Statistics for Európa Országai Kvíz

Click here to take the quiz!

General Stats

  • This quiz has been taken 3 611 times
  • The average score is 36 of 45

Answers on the Map

Answers color-coded by a green-red scale on the quiz's map according to % correct below.
 

Answer Stats

Országok% Correct
Magyarország
97%
Franciaország
94%
Németország
94%
Olaszország
94%
Oroszország
93%
Spanyolország
93%
Ausztria
91%
Románia
91%
Szlovákia
91%
Ukrajna
90%
Lengyelország
89%
Horvátország
88%
Portugália
88%
Svédország
88%
Írország
87%
Szlovénia
87%
Finnország
86%
Görögország
86%
Norvégia
86%
Csehország
84%
Svájc
84%
Szerbia
84%
Egyesült Királyság
83%
Fehéroroszország
83%
Hollandia
82%
Belgium
81%
Dánia
81%
Észtország
79%
Lettország
79%
Litvánia
78%
Bulgária
77%
Albánia
76%
Izland
76%
Luxemburg
76%
Bosznia-Hercegovina
73%
Moldova
71%
Vatikán
69%
Észak-Macedónia
66%
Andorra
65%
Málta
64%
Montenegró
64%
San Marino
61%
Koszovó
60%
Monaco
59%
Liechtenstein
48%

Score Distribution

Percentile by Number Answered

Percent of People with Each Score

Your Score History

You have not taken this quiz